Camino / (Record no. 175703)

MARC details
000 -LEADER
campo de control de longitud fija 00672nam a2200205 4500
001 - NÚMERO DE CONTROL
campo de control 175703
003 - IDENTIFICADOR DE NÚMERO DE CONTROL
campo de control ES-MaACL
005 - FECHA Y HORA DE LA ÚLTIMA TRANSACCIÓN
campo de control 20250325091442.0
008 - DATOS DE LONGITUD FIJA--INFORMACIÓN GENERAL
campo de control de longitud fija 101117s1965 sp |||| | spa d
080 ## - NÚMERO DE LA CLASIFICACIÓN DECIMAL UNIVERSAL
Número de la Clasificación Decimal Universal 242
100 0# - ENTRADA PRINCIPAL--NOMBRE DE PERSONA
Nombre de persona Josemaría Escrivá de Balaguer,
Títulos y otros términos asociados al nombre Santo
9 (RLIN) 66981
245 10 - MENCIÓN DEL TÍTULO
Título Camino /
Mención de responsabilidad, etc. Josemaría Escrivá de Balaguer.
250 ## - MENCION DE EDICION
Mención de edición 23ª ed. castellana.
260 ## - PUBLICACIÓN, DISTRIBUCIÓN, ETC.
Lugar de publicación, distribución, etc. Madrid :
Nombre del editor, distribuidor, etc. Rialp,
Fecha de publicación, distribución, etc. 1965.
300 ## - DESCRIPCIÓN FÍSICA
Extensión 323 p., [1] h. de lám. ;
Dimensiones 14 cm.
500 ## - NOTA GENERAL
Nota general Índice alfabético.
650 07 - PUNTO DE ACCESO ADICIONAL DE MATERIA--TÉRMINO DE MATERIA
Término de materia o nombre geográfico como elemento de entrada Meditaciones.
9 (RLIN) 14983
852 ## - LOCALIZACIÓN
Ubicación ES-MaACL
Número de control de estantería 2265-F-1
Nota libre . - Biblioteca Jacinto Martínez Lacalle
-- . - Enc. tela verde
Holdings
Estatus retirado Estado de pérdida Estado de daño No para préstamo Colección Biblioteca de origen Biblioteca actual Ubicación en estantería Fecha de adquisición Fuente de adquisición Total de préstamos Signatura topográfica completa Código de barras Visto por última vez Precio de reemplazo Tipo de ítem Koha
        Colección de folletos Biblioteca del Ateneo de Madrid Biblioteca del Ateneo de Madrid Depósito folletos 17/11/2010     2265-F-1 1184507 23/02/2023 23/02/2023 Folleto